000 00597nam a2200181Ia 4500
008 090630s9999 xx 000 0 und d
082 _b25400
100 _aमेंगजी अशोक.
245 _aभोगमुक्ती.
_cमेंगजी अशोक.
260 _bलिलादत्त - मुुंबई.
_c2006
300 _a248
600 _aमेंगजी अशोक.
630 _aभोगमुक्ती.
655 _aकादंबरी.
700 _aमेंगजी अशोक.
730 _aभोगमुक्ती.
942 _cBOOK
999 _c277256
_d277256